Men and women, 1855 / (Record no. 19441)
[ view plain ]
| 000 -LEADER | |
|---|---|
| fixed length control field | 00961nam a2200265 a 4500 |
| 001 - CONTROL NUMBER | |
| control field | 19441 |
| 003 - CONTROL NUMBER IDENTIFIER | |
| rucl marc code | BD-RjUL |
| 005 - DATE AND TIME OF LATEST TRANSACTION | |
| control field | 20211209000431.0 |
| 008 - FIXED-LENGTH DATA ELEMENTS--GENERAL INFORMATION | |
| fixed length control field | 140224t19671963enk b 001 1 eng d |
| 035 ## - SYSTEM CONTROL NUMBER | |
| System control number | (BD-RjUL)19501 |
| -- | OCLC ocm03389881 from D950331M |
| 040 ## - CATALOGING SOURCE | |
| Original cataloging agency | DLC |
| Transcribing agency | NRC |
| Modifying agency | EQO |
| -- | BD-RjUL |
| Language of cataloging | eng |
| 041 ## - LANGUAGE CODE | |
| Language code of text/sound track or separate title | eng |
| 082 00 - DEWEY DECIMAL CLASSIFICATION NUMBER | |
| Classification number | 821.8 |
| Author mark and year | BRM 1967 |
| 100 1# - MAIN ENTRY--PERSONAL NAME | |
| Personal name | Browning, Robert, |
| Dates associated with a name | 1812-1889. |
| 9 (RLIN) | 59741 |
| 245 10 - TITLE STATEMENT | |
| Title | Men and women, 1855 / |
| Statement of responsibility, etc. | by Robert Browning ; edited with an introduction and notes by F. B. Pinion. |
| 260 ## - PUBLICATION, DISTRIBUTION, ETC. (IMPRINT) | |
| Place of publication, distribution, etc. | London : |
| Name of publisher, distributor, etc. | Macmillan ; |
| Place of publication, distribution, etc. | New York : |
| Name of publisher, distributor, etc. | St. Martin's Press, |
| Date of publication, distribution, etc. | c1963 [reprinted 1967]. |
| 300 ## - PHYSICAL DESCRIPTION | |
| Pagination | xxv, 276 p. ; |
| Size | 20 cm. |
| 490 1# - SERIES STATEMENT | |
| Series statement | Macmillan's English classics. New series |
| 504 ## - BIBLIOGRAPHY, ETC. NOTE | |
| Bibliography, etc | Bibliography: p. [277]. and index. |
| 600 2# - SUBJECT ADDED ENTRY--PERSONAL NAME | |
| Personal name | Browning, Robert |
| Dates associated with a name | 1812-1889. |
| General subdivision | Men and women. |
| 700 1# - ADDED ENTRY--PERSONAL NAME | |
| Personal name | Pinion, F. B. |
| 830 #0 - SERIES ADDED ENTRY--UNIFORM TITLE | |
| Uniform title | Macmillan's English classics. |
| 942 ## - ADDED ENTRY ELEMENTS (KOHA) | |
| Source of classification or shelving scheme | Dewey Decimal Classification |
| Koha item type | Books |
| Lost status | Source of classification or shelving scheme | Damaged status | Not for loan | Collection code | Permanent Location | Current Location | Shelving location | Date acquired | Source of acquisition | Cost, normal purchase price | Total Checkouts | Full call number | Date last seen | Copy number | Koha item type |
|---|---|---|---|---|---|---|---|---|---|---|---|---|---|---|---|
| Dewey Decimal Classification | Fiction | Central Library, University of Rajshahi | Central Library, University of Rajshahi | 17/09/1968 | Zeitlinger | 14.00 | 821.8 BRM 1967 | 24/02/2014 | C-2 | Books | |||||
| Dewey Decimal Classification | Non-fiction | Central Library, University of Rajshahi | Central Library, University of Rajshahi | 17/09/1968 | Zeitlinger | 14.00 | 821.8 BRM 1967 | 10/03/2020 | C-6 | Books | |||||
| Dewey Decimal Classification | Non-fiction | Central Library, University of Rajshahi | Central Library, University of Rajshahi | 17/09/1968 | Zeitlinger | 114.00 | 821.8 BRM 1967 | 10/03/2020 | C-10 | Books |